[Event "31.Alpenpokal Oberstdorf op"]
[Site "Tiefenbach (13.01.-21.01)"]
[Date "2005.01.18"]
[Round "6.5"]
[White "Aigner, Georg"]
[Black "Kleifges, Matthias,Dr."]
[Result "0-1"]
[WhiteElo "1855"]
[BlackElo "2019"]
[PlyCount "120"]
[EventDate "2005.01.??"]
[Source "ChessOrg"]
[SourceDate "2005.02.28"]

1. e4 e6 2. d4 d5 3. Nd2 c5 4. c3 cxd4 5. Bb5+ Bd7 6. Bxd7+ Qxd7 7. cxd4 dxe4
8. Nxe4 Bb4+ 9. Nc3 Qc6 10. Nge2 Nf6 11. O-O O-O 12. Bf4 Nd5 13. Nxd5 Qxd5 14.
a3 Ba5 15. Rc1 Bb6 16. Be5 Nc6 17. Nf4 Qd7 18. Nh5 f6 19. Bf4 Nxd4 20. Re1 e5
21. Be3 Rad8 22. Ng3 Qb5 23. b4 Kh8 24. Qg4 Qd7 25. Qe4 f5 26. Qxe5 Rde8 27.
Qf4 Ne6 28. Qc4 f4 29. Red1 Qf7 30. Bxb6 fxg3 31. Bc5 gxh2+ 32. Kh1 Nxc5 33.
Qxc5 b6 34. Qd6 Qxf2 35. Rf1 Qxf1+ 36. Rxf1 Rxf1+ 37. Kxh2 Ref8 38. Qc7 R1f7
39. Qd6 Rf6 40. Qd3 h6 41. Qe4 Rf5 42. Qe2 a5 43. Qe3 axb4 44. axb4 R8f6 45.
Qe8+ Kh7 46. Qe4 h5 47. Kh3 Kh6 48. Qe3+ Rf4 49. Qe8 Rg4 50. Qh8+ Kg6 51. Qe8+
Kg5 52. Qe5+ Kh6 53. Qe3+ Kh7 54. Qd3+ Rfg6 55. Qb5 Rg3+ 56. Kh2 Rxg2+ 57. Kh3
Rg1 58. Kh2 R1g5 59. Qd3 Rg4 60. Qb5 Rh4# 0-1

[Event "31.Alpenpokal Oberstdorf op"]
[Site "Tiefenbach (13.01.-21.01)"]
[Date "2005.01.18"]
[Round "6.6"]
[White "Wunderer, Eckart"]
[Black "Rueggeberg, Wilhelm"]
[Result "1-0"]
[WhiteElo "1974"]
[BlackElo "1805"]
[PlyCount "73"]
[EventDate "2005.01.??"]
[Source "ChessOrg"]
[SourceDate "2005.02.28"]

1. e4 c5 2. Nc3 d6 3. f4 g6 4. Nf3 Bg7 5. Bc4 Nc6 6. d3 a6 7. a4 Nf6 8. O-O Bd7
9. Kh1 O-O 10. Be3 Ng4 11. Bg1 Qa5 12. h3 Bxc3 13. bxc3 Nf6 14. Qe1 Kg7 15. Be3
Be6 16. Bxe6 fxe6 17. Ng5 Nd8 18. Bd2 h6 19. Nf3 Qc7 20. Qh4 Nf7 21. c4 Rad8
22. g4 d5 23. e5 Nh7 24. cxd5 Qd7 25. dxe6 Qxe6 26. Qg3 Qd5 27. Kh2 b5 28. axb5
axb5 29. Bc3 Kg8 30. Nh4 Nh8 31. Ra6 b4 32. Bd2 $6 (32. Nxg6 $3 Nxg6 33. Rxg6+
Kf7 34. Rxh6 Kg7 35. Qh4) 32... Qf7 33. Rg1 (33. Nf5 gxf5 34. gxf5+ Qg7 35. Rg1
{ist auch nicht schlecht.}) 33... Ra8 34. Rxa8 Rxa8 35. f5 g5 36. Nf3 Qg7 37.
Be3 1-0

[Event "31.Alpenpokal Oberstdorf op"]
[Site "Tiefenbach (13.01.-21.01)"]
[Date "2005.01.18"]
[Round "6.7"]
[White "Gerhards, Walter"]
[Black "Froehlich, Rainer[37Sonth]"]
[Result "0-1"]
[WhiteElo "1805"]
[BlackElo "1964"]
[PlyCount "72"]
[EventDate "2005.01.??"]
[Source "ChessOrg"]
[SourceDate "2005.02.28"]

1. e4 c5 2. Nf3 g6 3. d4 Bg7 4. Be2 Nc6 5. d5 Nd4 6. Nxd4 cxd4 7. O-O Qb6 8.
Nd2 a5 9. Bd3 a4 10. f4 d6 11. Nf3 Bg4 12. h3 Bxf3 13. Qxf3 Nh6 14. a3 O-O 15.
Bd2 f5 16. Bb4 Rf7 17. Rae1 fxe4 18. Rxe4 Nf5 19. Rfe1 Ne3 20. Re6 Nxc2 21.
Rxe7 Nxe1 22. Rxe1 Rc8 23. Re6 Rd8 24. Qg4 Qc7 25. f5 Qc1+ 26. Re1 Qxb2 27.
fxg6 hxg6 28. Bxg6 Rf6 29. Bf5 d3 30. Re7 Rxf5 31. Rxg7+ Qxg7 32. Qxf5 Qa1+ 33.
Qf1 Qd4+ 34. Qf2 Qxf2+ 35. Kxf2 Re8 36. Bxd6 d2 0-1

[Event "31.Alpenpokal Oberstdorf op"]
[Site "Tiefenbach (13.01.-21.01)"]
[Date "2005.01.18"]
[Round "6.8"]
[White "Tauscher, Max"]
[Black "Erhart, Uwe"]
[Result "0-1"]
[WhiteElo "1671"]
[BlackElo "1988"]
[PlyCount "116"]
[EventDate "2005.01.??"]
[Source "ChessOrg"]
[SourceDate "2005.02.28"]

1. e4 c5 2. Nf3 d6 3. Bc4 Nf6 4. Nc3 g6 5. O-O Bg7 6. h3 O-O 7. d4 cxd4 8. Nxd4
Qb6 9. Nb3 Qc7 10. Qe2 Nc6 11. Bf4 Na5 12. Nxa5 Qxa5 13. Bb3 a6 14. Rab1 Re8
15. Rfd1 b5 16. a3 Bb7 17. Bh2 Rac8 18. Rd3 Qb6 19. Qe3 Qxe3 20. Rxe3 Nd7 21.
Rf3 Nf6 22. Re3 Rc5 23. e5 dxe5 24. Rxe5 Rxe5 25. Bxe5 Rd8 26. Rd1 Rxd1+ 27.
Nxd1 Kf8 28. c4 bxc4 29. Bxc4 Nd7 30. Bxg7+ Kxg7 31. b4 Nb6 32. Bb3 e6 33. Ne3
Kf6 34. f4 Bc6 35. Bc4 Bb5 36. Bxb5 axb5 37. Kf2 e5 38. Kf3 Ke6 39. g4 exf4 40.
Kxf4 Nd5+ 41. Ke4 Nxe3 42. Kxe3 Kd5 43. g5 Ke5 44. h4 f5 45. gxf6 Kxf6 46. Kf4
h6 47. Ke4 Ke6 48. Kd4 g5 49. hxg5 hxg5 50. Ke4 g4 51. Kf4 Kd5 52. Kxg4 Kc4 53.
Kf3 Kb3 54. Ke3 Kxa3 55. Kd3 Kxb4 56. Kc2 Ka3 57. Kb1 b4 58. Ka1 b3 0-1

[Event "31.Alpenpokal Oberstdorf op"]
[Site "Tiefenbach (13.01.-21.01)"]
[Date "2005.01.18"]
[Round "6.10"]
[White "Reinke, Kurt[39Benrath]"]
[Black "Klempt, Guenter"]
[Result "0-1"]
[WhiteElo "1832"]
[BlackElo "1936"]
[PlyCount "119"]
[EventDate "2005.01.??"]
[Source "ChessOrg"]
[SourceDate "2005.02.28"]

1. d4 Nf6 2. Nf3 g6 3. c4 Bg7 4. Nc3 O-O 5. e4 d6 6. Be2 c5 7. d5 Na6 8. O-O
Nc7 9. Bg5 h6 10. Be3 a6 11. a4 Rb8 12. e5 Ng4 13. exd6 exd6 14. Bf4 Bf5 15. h3
Nf6 16. Bd3 Bxd3 17. Qxd3 Nh5 18. Bh2 Nf6 19. Rae1 Qd7 20. Nd2 b5 21. Qg3 Rfd8
22. Nce4 Nfe8 23. Nb3 bxc4 24. Na5 Nxd5 25. Nxc4 Qxa4 26. Nexd6 Nxd6 27. Nxd6
Rb3 28. Re4 Rb4 29. Rxb4 Qxb4 30. Qf3 Nf6 31. Be5 Qb6 32. Rd1 Rd7 33. Rd2 Ne8
34. Nc4 (34. Nxe8 Rxd2 35. Nxg7 Qd8 36. Kh2 c4 37. Qf4 Kh7 38. Nh5) 34... Qe6
35. Rxd7 Qxd7 36. Bxg7 Kxg7 37. Ne5 Qe6 38. Qc3 f6 39. Ng4 h5 40. Ne3 Qd6 41.
Qb3 Qc6 42. Qb8 Nd6 43. Qd8 Nf7 44. Qd3 Ne5 45. Qd8 Nf7 46. Qd3 Qb5 47. Nc4 Qc6
48. Qe3 Qd5 49. b3 Ne5 50. Qe1 Qd4 51. Qa5 Qd1+ 52. Kh2 Qxb3 53. Qc7+ Nf7 54.
Qxc5 Qb5 55. Qc7 Qd5 56. f4 Qe4 57. Na5 g5 58. g3 gxf4 59. gxf4 Qe2+ 60. Kg3
0-1

[Event "31.Alpenpokal Oberstdorf op"]
[Site "Tiefenbach (13.01.-21.01)"]
[Date "2005.01.18"]
[Round "6.11"]
[White "Vreugdenhil, Frans"]
[Black "Josting, Friedel"]
[Result "1-0"]
[WhiteElo "1872"]
[BlackElo "1869"]
[PlyCount "39"]
[EventDate "2005.01.??"]
[Source "ChessOrg"]
[SourceDate "2005.02.28"]

1. e4 c5 2. Nf3 e6 3. d4 cxd4 4. Nxd4 a6 5. Bd3 b5 6. O-O Bb7 7. Qe2 Nc6 8.
Nxc6 Bxc6 9. a4 bxa4 10. Bxa6 Nf6 11. Bd3 Be7 12. Nc3 Qc7 13. Bb5 Qb7 14. Bxc6
Qxc6 15. Rd1 O-O 16. e5 Ne8 17. Qb5 Qxb5 18. Nxb5 Ra5 19. c4 Bc5 20. Rxd7 1-0

[Event "31.Alpenpokal Oberstdorf op"]
[Site "Tiefenbach (13.01.-21.01)"]
[Date "2005.01.18"]
[Round "6.12"]
[White "Marek, Herbert"]
[Black "Maugg, Ludwig"]
[Result "1-0"]
[WhiteElo "1701"]
[BlackElo "1942"]
[PlyCount "87"]
[EventDate "2005.01.??"]
[Source "ChessOrg"]
[SourceDate "2005.02.28"]

1. d4 Nf6 2. c4 c5 3. e3 g6 4. Nc3 Bg7 5. Bd3 O-O 6. Nge2 cxd4 7. exd4 d5 8.
O-O Nc6 9. h3 Nb4 10. Bb1 dxc4 11. Be3 b6 12. Qd2 Bb7 13. Bh6 Rc8 14. Bxg7 Kxg7
15. Rd1 Nbd5 16. Ne4 Qc7 17. N2c3 Rfd8 18. Ng3 Qf4 19. Qe2 Nxc3 20. bxc3 e5 21.
Bf5 exd4 22. Bxc8 Bxc8 23. Qxc4 Be6 24. Qa4 b5 25. Rxd4 bxa4 26. Rxf4 Nd5 27.
Rxa4 Nxc3 28. Rxa7 Nb5 29. Ra5 Nd4 30. Ra7 Nb5 31. Rb7 Na3 32. Re1 Bd5 33. Ra7
Nb5 34. Ra5 Nc3 35. a3 Be6 36. Ne4 Nxe4 37. Rxe4 Rd1+ 38. Kh2 Rd2 39. f3 Bd5
40. Re3 h5 41. Kg3 g5 42. Rc5 h4+ 43. Kh2 f6 44. Rcc3 1-0

[Event "31.Alpenpokal Oberstdorf op"]
[Site "Tiefenbach (13.01.-21.01)"]
[Date "2005.01.18"]
[Round "6.13"]
[White "Johne, Siegfried"]
[Black "Seyfarth, Rudolf"]
[Result "0-1"]
[WhiteElo "1843"]
[BlackElo "1807"]
[PlyCount "94"]
[EventDate "2005.01.??"]
[Source "ChessOrg"]
[SourceDate "2005.02.28"]

1. e4 c5 2. Nf3 d6 3. d4 cxd4 4. Nxd4 a6 5. c4 Nf6 6. Nc3 e6 7. Be2 Be7 8. O-O
O-O 9. f4 e5 10. Nf3 Qb6+ 11. Kh1 Be6 12. f5 Bd7 13. h3 Bc6 14. Qc2 Nbd7 15.
Bg5 h6 16. Bh4 Rfe8 17. a3 Rac8 18. Kh2 Qe3 19. Bf2 Bxe4 20. Nxe4 Qxe4 21. Bd3
Qc6 22. Nd2 d5 23. Qb3 e4 24. cxd5 Qc7+ 25. Bg3 Bd6 26. Bxe4 Bxg3+ 27. Qxg3
Qxg3+ 28. Kxg3 Nxe4+ 29. Nxe4 Rxe4 30. Rad1 Rcc4 31. Rd2 Red4 32. Re2 Kf8 33.
Rfe1 Nf6 34. Kf3 Rf4+ 35. Kg3 Rfe4 36. Rxe4 Nxe4+ 37. Kf4 Nc5+ 38. Kf3 Rd4 39.
Rc1 Rxd5 40. b4 Rxf5+ 41. Ke3 Ne6 42. Rc8+ Ke7 43. Rb8 Rb5 44. Kd3 Rd5+ 45. Kc4
Rd7 46. b5 axb5+ 47. Kxb5 Nd8 0-1

[Event "31.Alpenpokal Oberstdorf op"]
[Site "Tiefenbach (13.01.-21.01)"]
[Date "2005.01.18"]
[Round "6.14"]
[White "Frankenberger, Ralf"]
[Black "Borries, Barbara"]
[Result "0-1"]
[WhiteElo "1848"]
[BlackElo "1798"]
[PlyCount "94"]
[EventDate "2005.01.??"]
[Source "ChessOrg"]
[SourceDate "2005.02.28"]

1. d4 d5 2. Nf3 Nf6 3. e3 Bg4 4. c4 e6 5. Nc3 c6 6. Be2 Nbd7 7. Qb3 Qc7 8. O-O
Be7 9. cxd5 exd5 10. Qc2 Bxf3 11. Bxf3 Bd6 12. h3 O-O 13. e4 dxe4 14. Nxe4 Nxe4
15. Bxe4 h6 16. Bd2 Rfe8 17. Rfe1 Nf6 18. Bf3 Qb6 19. Be3 Rac8 20. Re2 Qb5 21.
Rc1 Nd5 22. Qc4 Qxc4 23. Rxc4 Nf6 24. g3 Rc7 25. Kg2 Kf8 26. Rec2 Rd7 27. a3
Bb8 28. R4c3 Nd5 29. Rd3 Nf6 30. Rdd2 Nd5 31. Re2 a6 32. Kf1 Nxe3+ 33. Rxe3
Rxe3 34. fxe3 Bxg3 35. Rc1 Bh4 36. Ke2 Bg5 37. Kd3 f5 38. Rc5 g6 39. b4 Kf7 40.
Rc2 Bf6 41. Rc5 h5 42. a4 f4 43. d5 fxe3 44. Kxe3 Be7 45. Rc4 cxd5 46. Rd4 Ke6
47. Kd3 Bf6 0-1

[Event "31.Alpenpokal Oberstdorf op"]
[Site "Tiefenbach (13.01.-21.01)"]
[Date "2005.01.18"]
[Round "6.16"]
[White "Boeven, Manfred"]
[Black "Poffers, Rieke"]
[Result "1-0"]
[WhiteElo "1993"]
[BlackElo "1799"]
[PlyCount "126"]
[EventDate "2005.01.??"]
[Source "ChessOrg"]
[SourceDate "2005.02.28"]

1. d4 Nf6 2. Nc3 d6 3. e4 Nbd7 4. f4 c6 5. Nf3 e6 6. Bd3 Be7 7. O-O Qc7 8. e5
Nd5 9. Ne4 Nb4 10. Be2 d5 11. Ng3 g6 12. c3 Na6 13. Bd3 Nf8 14. b4 Nb8 15. a4
a5 16. Qb3 b6 17. Ba3 Nbd7 18. bxa5 bxa5 19. Bxe7 Kxe7 20. Rab1 Ke8 21. Qa3 Rb8
22. f5 exf5 23. Bxf5 h6 24. Rxb8 Qxb8 25. Rb1 Qc7 26. Bh3 Ne6 27. Bxe6 fxe6 28.
Nh4 Rg8 29. Rf1 Qd8 30. Qd6 Nf8 31. Qxd8+ Kxd8 32. Rf6 Ke7 33. Ne2 g5 34. Nf3
Rg6 35. Rxg6 Nxg6 36. g3 Bd7 37. Nc1 c5 38. Nb3 c4 39. Nxa5 Bxa4 40. Nb7 Bc2
41. Kf2 Nf8 42. Nc5 Kf7 43. Ke3 Bd1 44. Ne1 Kg6 45. Ng2 Bg4 46. Kf2 Bh3 47. Ne3
Bf5 48. Kf3 h5 49. h4 Nh7 50. Kf2 Nf8 51. hxg5 Kxg5 52. Ng2 Bh3 53. Ne3 Bg4 54.
Nc2 Bf5 55. Na3 Bh3 56. Nb5 Bg4 57. Nc7 Bf5 58. Ne8 Kg6 59. Nf6 Bg4 60. Nfd7
Nxd7 61. Nxd7 Kg5 62. Nf6 Bf5 63. Ke3 Bg4 {zü} 1-0

[Event "31.Alpenpokal Oberstdorf op"]
[Site "Tiefenbach (13.01.-21.01)"]
[Date "2005.01.18"]
[Round "6.17"]
[White "Heyse, Juergen"]
[Black "Meyer, Gerd[61Huckarde]"]
[Result "0-1"]
[WhiteElo "1553"]
[BlackElo "1925"]
[PlyCount "84"]
[EventDate "2005.01.??"]
[Source "ChessOrg"]
[SourceDate "2005.02.28"]

1. d4 d5 2. Nf3 c5 3. e3 Nf6 4. Nbd2 cxd4 5. exd4 Nc6 6. c3 Bf5 7. Be2 e6 8.
O-O Bd6 9. Re1 h6 10. Nf1 O-O 11. Bd3 Bxd3 12. Qxd3 Rc8 13. Ne5 Bxe5 14. dxe5
Ne4 15. f4 f5 16. Be3 b6 17. Qe2 Rc7 18. Rad1 Na5 19. Nd2 Nxd2 20. Rxd2 Qc8 21.
Qh5 Kh7 22. Qe2 Nc4 23. Rd3 Rd8 24. Bd4 g6 25. a4 Na5 26. Rf1 Nb3 27. Rdd1 Rc4
28. h4 Rxa4 29. Qb5 Qc4 30. Qxc4 Rxc4 31. Be3 Rb8 32. Rf3 h5 33. Bf2 a5 34. Bd4
b5 35. Ba7 Rb7 36. Bd4 a4 37. Rff1 Rbc7 38. g3 Nxd4 39. Rxd4 Rxd4 40. cxd4 Rc4
41. Rd1 Rc2 42. Rd3 b4 0-1

[Event "31.Alpenpokal Oberstdorf op"]
[Site "Tiefenbach (13.01.-21.01)"]
[Date "2005.01.18"]
[Round "6.18"]
[White "Hiller, Joachim[42Deidesh]"]
[Black "Thonig, Manfred"]
[Result "1-0"]
[WhiteElo "1838"]
[BlackElo "1555"]
[PlyCount "83"]
[EventDate "2005.01.??"]
[Source "ChessOrg"]
[SourceDate "2005.02.28"]

1. e4 g6 2. d4 Bg7 3. c4 Nc6 4. Nf3 e5 5. d5 Nd4 6. c5 c6 7. Nc3 Qa5 8. Be3
Qxc5 9. Be2 Nxf3+ 10. Bxf3 Qd6 11. O-O Ne7 12. Qb3 b5 13. Rfd1 O-O 14. dxc6
Qxc6 15. Rac1 Qe6 16. Qxb5 Nc6 17. Nd5 Rb8 18. Qe2 Nd4 19. Bxd4 exd4 20. b3 Ba6
21. Qd2 Qd6 22. Qa5 f5 23. Qc7 Qxc7 24. Rxc7 Rb7 25. exf5 Rxc7 26. Nxc7 Bc8 27.
fxg6 hxg6 28. Nb5 d3 29. Bd5+ Kh7 30. Rxd3 Ba6 31. Bc4 Rc8 32. g4 Re8 33. Rxd7
Re1+ 34. Kg2 Re5 35. a4 Bc8 36. Rxa7 Bxg4 37. f3 Bc8 38. Nd6 Rg5+ 39. Kf2 Bh3
40. Ne8 Rg2+ 41. Ke3 Rxh2 42. Nxg7 1-0

[Event "31.Alpenpokal Oberstdorf op"]
[Site "Tiefenbach (13.01.-21.01)"]
[Date "2005.01.18"]
[Round "6.19"]
[White "Schwichtenberg, Juergen"]
[Black "Emser, Heinrich"]
[Result "1/2-1/2"]
[WhiteElo "1639"]
[BlackElo "1685"]
[PlyCount "34"]
[EventDate "2005.01.??"]
[Source "ChessOrg"]
[SourceDate "2005.02.28"]

1. b4 e5 2. b5 Nf6 3. Bb2 e4 4. c4 Bc5 5. e3 d5 6. d4 Bb4+ 7. Bc3 Qe7 8. Bxb4
Qxb4+ 9. Qd2 Qxd2+ 10. Nxd2 Bf5 11. Ne2 O-O 12. Ng3 Bg6 13. cxd5 Nbd7 14. Be2
Nb6 15. O-O Nbxd5 16. Rfc1 Rfe8 17. Nc4 Nd7 1/2-1/2

[Event "31.Alpenpokal Oberstdorf op"]
[Site "Tiefenbach (13.01.-21.01)"]
[Date "2005.01.18"]
[Round "6.20"]
[White "Poell, Guenter"]
[Black "Herzog, Manfred[60Sulzfeld]"]
[Result "1-0"]
[WhiteElo "1815"]
[BlackElo "1756"]
[PlyCount "95"]
[EventDate "2005.01.??"]
[Source "ChessOrg"]
[SourceDate "2005.02.28"]

1. f4 g6 2. Nf3 Bg7 3. c3 c5 4. e3 Nc6 5. Be2 d5 6. d4 cxd4 7. cxd4 Nf6 8. Nc3
O-O 9. O-O Bg4 10. Ne5 Bxe2 11. Qxe2 Nd7 12. Qb5 Ncxe5 13. fxe5 Nb6 14. a4 a6
15. Qb3 e6 16. Qd1 Nc4 17. b3 Na5 18. Ba3 Re8 19. Bb4 Qb6 20. Na2 Nc6 21. Bc5
Qc7 22. Rc1 b6 23. Bd6 Qd7 24. b4 Rac8 25. Qd2 Ne7 26. Bxe7 Qxe7 27. Rxc8 Rxc8
28. Rc1 Rxc1+ 29. Qxc1 Bh6 30. b5 axb5 31. axb5 Qg5 32. Kf2 Qh4+ 33. Kg1 Qe4
34. Kf2 Qd3 35. Nc3 Qxd4 36. exd4 Bxc1 37. Na4 Kf8 38. Nxb6 Ke8 39. Nc8 Ba3 40.
Na7 Kd7 41. b6 f6 42. b7 Kc7 43. Nb5+ Kxb7 44. Nxa3 fxe5 45. dxe5 Kc6 46. Ke3
Kc5 47. Nc2 Kc4 48. Nd4 1-0

[Event "31.Alpenpokal Oberstdorf op"]
[Site "Tiefenbach (13.01.-21.01)"]
[Date "2005.01.18"]
[Round "6.21"]
[White "Sakowski, Christian"]
[Black "Gelzinnus, Siegfried"]
[Result "1/2-1/2"]
[WhiteElo "1771"]
[BlackElo "1515"]
[PlyCount "52"]
[EventDate "2005.01.??"]
[Source "ChessOrg"]
[SourceDate "2005.02.28"]

1. d4 Nf6 2. Nf3 e6 3. Bg5 b6 4. e3 Bb7 5. Bd3 h6 6. Bh4 Be7 7. O-O O-O 8. Nbd2
Nh7 9. Bg3 d6 10. c4 c5 11. Qc2 Nf6 12. dxc5 dxc5 13. Rad1 Nc6 14. a3 Qe8 15.
Ne5 Rd8 16. Ndf3 Nxe5 17. Nxe5 Bd6 18. f3 Qe7 19. Rd2 Qc7 20. Qc3 Nh5 21. f4
Bxe5 22. fxe5 Nxg3 23. hxg3 Rd7 24. Rfd1 Rfd8 25. Kf2 Qc6 26. Ke1 a6 1/2-1/2

[Event "31.Alpenpokal Oberstdorf op"]
[Site "Tiefenbach (13.01.-21.01)"]
[Date "2005.01.18"]
[Round "6.22"]
[White "Ludwig, Karl-Heinz,Prof.Dr."]
[Black "Poppitz, Joachim"]
[Result "0-1"]
[WhiteElo "1190"]
[BlackElo "1369"]
[PlyCount "52"]
[EventDate "2005.01.??"]
[Source "ChessOrg"]
[SourceDate "2005.02.28"]

1. f4 d5 2. Nf3 Nc6 3. e3 Nf6 4. Be2 Bf5 5. h3 Bd7 6. O-O e6 7. Nc3 a6 8. a3
Bd6 9. b4 O-O 10. d4 Nh5 11. Qe1 Nf6 12. Ne5 Be8 13. Na4 Nxd4 14. exd4 Bxa4 15.
c3 Ne4 16. Bf3 Bb5 17. Be2 f6 18. Nd3 Qd7 19. Nc5 Bxc5 20. dxc5 Bxe2 21. Qxe2
Ng3 22. Qf2 Nxf1 23. Qxf1 d4 24. Qd3 Rad8 25. cxd4 Qxd4+ 26. Qxd4 Rxd4 0-1

[Event "31.Alpenpokal Oberstdorf op"]
[Site "Tiefenbach (13.01.-21.01)"]
[Date "2005.01.18"]
[Round "6.23"]
[White "Krawinkel, Hans-Werner"]
[Black "Meyer, Thomas[52Tübing]"]
[Result "1/2-1/2"]
[WhiteElo "1676"]
[BlackElo "1604"]
[PlyCount "82"]
[EventDate "2005.01.??"]
[Source "ChessOrg"]
[SourceDate "2005.02.28"]

1. c4 Nf6 2. Nc3 e6 3. d4 d5 4. Bg5 Be7 5. e3 c6 6. Nf3 Nbd7 7. a3 O-O 8. Qc2
a6 9. c5 b6 10. b4 a5 11. Rb1 axb4 12. axb4 b5 13. Bd3 h6 14. Bh4 Nh5 15. Bxe7
Qxe7 16. O-O e5 17. dxe5 Nxe5 18. Nxe5 Qxe5 19. Rfe1 Ra3 20. Ne2 Be6 21. Nd4
Qc7 22. Ra1 Rxa1 23. Rxa1 Bc8 24. Ra5 Nf6 25. Qa2 g6 26. Ra7 Bb7 27. Qa1 Ng4
28. g3 Ne5 29. Bf1 Nc4 30. Bd3 Re8 31. Bxc4 dxc4 32. Qa6 Rb8 33. Qa3 Qc8 34.
Qc3 Ra8 35. Rxa8 Qxa8 36. e4 Qe8 37. f3 Qe5 38. Kf2 Qe8 39. Qe3 Kh7 40. f4 Bc8
41. e5 Be6 1/2-1/2

[Event "31.Alpenpokal Oberstdorf op"]
[Site "Tiefenbach (13.01.-21.01)"]
[Date "2005.01.18"]
[Round "6.24"]
[White "Mueller, Dieter[45Halle]"]
[Black "Winter, Rudolf[29G.Gerau]"]
[Result "1/2-1/2"]
[WhiteElo "1451"]
[BlackElo "1654"]
[PlyCount "74"]
[EventDate "2005.01.??"]
[Source "ChessOrg"]
[SourceDate "2005.02.28"]

1. Nf3 Nf6 2. g3 g6 3. Bg2 Bg7 4. c4 c5 5. Nc3 Nc6 6. a3 O-O 7. O-O d6 8. Rb1
a5 9. b3 Bd7 10. Bb2 Qc8 11. Re1 Bh3 12. Bh1 Qg4 13. Qc2 Rab8 14. Nd1 e5 15.
Ne3 Qd7 16. d3 Rfe8 17. Ng5 Nd4 18. Qd1 Bh6 19. Ne4 Nxe4 20. Bxe4 Be6 21. Nd5
Bxd5 22. Bxd5 Qe7 23. e3 Ne6 24. Bc3 b6 25. Qe2 Qg5 26. Qb2 Bg7 27. f4 exf4 28.
Bxe6 Bxc3 29. Bxf7+ Kxf7 30. Qxc3 f3 31. Kf2 Qh5 32. h4 Re6 33. d4 Rbe8 34.
dxc5 dxc5 35. Rbd1 Qf5 36. Rd7+ R6e7 37. Rxe7+ Rxe7 1/2-1/2

[Event "31.Alpenpokal Oberstdorf op"]
[Site "Tiefenbach (13.01.-21.01)"]
[Date "2005.01.18"]
[Round "6.25"]
[White "Bruestle, Wilfried"]
[Black "Fehres, Werner"]
[Result "1-0"]
[WhiteElo "1614"]
[BlackElo "1705"]
[PlyCount "49"]
[EventDate "2005.01.??"]
[Source "ChessOrg"]
[SourceDate "2005.02.28"]

1. d4 f5 2. c4 Nf6 3. Nc3 g6 4. g3 Bg7 5. Bg2 d6 6. e3 c6 7. Nge2 O-O 8. O-O
Re8 9. Rb1 e6 10. b4 d5 11. c5 Bd7 12. Nf4 Re7 13. Nd3 Be8 14. Bb2 Ne4 15. Ne2
Nf6 16. Re1 Nbd7 17. Ne5 Nf8 18. Rc1 Rc7 19. Nf4 g5 20. Nfd3 Ng6 21. Nxg6 hxg6
22. Bf3 Bf8 23. Ne5 Rh7 24. Qc2 Rc8 25. Bh1 {und im77.Zug 1-0} 1-0

[Event "31.Alpenpokal Oberstdorf op"]
[Site "Tiefenbach (13.01.-21.01)"]
[Date "2005.01.18"]
[Round "6.26"]
[White "Poffers, Gerrit"]
[Black "Ludwig, Ines"]
[Result "0-1"]
[WhiteElo "1443"]
[BlackElo "1521"]
[PlyCount "52"]
[EventDate "2005.01.??"]
[Source "ChessOrg"]
[SourceDate "2005.02.28"]

1. g3 d5 2. Bg2 f5 3. Nf3 e6 4. d3 Bd6 5. c3 Nf6 6. b3 O-O 7. O-O c6 8. e3 Nbd7
9. Nbd2 Ne5 10. Ne1 Rb8 11. d4 Neg4 12. c4 Ne4 13. Nxe4 dxe4 14. c5 Bc7 15. f3
exf3 16. Nxf3 Nf6 17. Nd2 e5 18. Bb2 e4 19. Bc3 Nd5 20. Qc1 Nxe3 21. Re1 Nxg2
22. Kxg2 Qd5 23. Kf2 Bd7 24. Nc4 f4 25. gxf4 Rxf4+ 26. Ke2 Qh5+ 0-1

[Event "31.Alpenpokal Oberstdorf op"]
[Site "Tiefenbach (13.01.-21.01)"]
[Date "2005.01.18"]
[Round "6.27"]
[White "Schulz, Hermann[35Ülzen]"]
[Black "Miessner, Rolf"]
[Result "1/2-1/2"]
[WhiteElo "1565"]
[BlackElo "1554"]
[PlyCount "38"]
[EventDate "2005.01.??"]
[Source "ChessOrg"]
[SourceDate "2005.02.28"]

1. e4 e5 2. Nf3 Nc6 3. Bb5 a6 4. Ba4 Nf6 5. O-O b5 6. Bb3 Be7 7. Re1 O-O 8. c3
Na5 9. Bc2 d6 10. h3 c5 11. d4 Nc6 12. d5 Nb8 13. Bg5 Nbd7 14. Nbd2 Ra7 15. Nf1
h6 16. Be3 Nh7 17. Ng3 Ng5 18. Nf5 Nxf3+ 19. Qxf3 Kh7 1/2-1/2

[Event "31.Alpenpokal Oberstdorf op"]
[Site "Tiefenbach (13.01.-21.01)"]
[Date "2005.01.18"]
[Round "6.28"]
[White "Wahl, Hedi"]
[Black "Luebbers, Doris,Dr."]
[Result "1/2-1/2"]
[WhiteElo "1364"]
[BlackElo "1395"]
[PlyCount "38"]
[EventDate "2005.01.??"]
[Source "ChessOrg"]
[SourceDate "2005.02.28"]

1. e4 c5 2. c3 d6 3. d4 cxd4 4. cxd4 e6 5. Nc3 a6 6. Nf3 Nf6 7. Bc4 b5 8. Bd3
Bb7 9. a3 Be7 10. O-O O-O 11. h3 Nbd7 12. e5 dxe5 13. Nxe5 Nd5 14. Re1 Rc8 15.
Nxd5 Bxd5 16. b4 Re8 17. Bb2 Nf6 18. Rc1 Bf8 19. Rc2 Rxc2 1/2-1/2

[Event "31.Alpenpokal Oberstdorf op"]
[Site "Tiefenbach (13.01.-21.01)"]
[Date "2005.01.19"]
[Round "7.2"]
[White "Poffers, Adriaan"]
[Black "Wempe, Juergen"]
[Result "0-1"]
[WhiteElo "2253"]
[BlackElo "2134"]
[PlyCount "78"]
[EventDate "2005.01.??"]
[Source "ChessOrg"]
[SourceDate "2005.02.28"]

1. d4 f5 2. c4 Nf6 3. Nc3 e6 4. f3 Nh5 5. Nh3 c5 6. e3 a6 7. Nf2 Nf6 8. Nd3 b6
9. Be2 Nc6 10. d5 Na5 11. O-O Bd6 12. e4 Qc7 (12... Nxc4 13. dxe6 dxe6 14. Qa4+
Qd7 15. Qxc4 b5) 13. e5 Bxe5 14. Nxe5 Qxe5 15. Re1 Qd4+ 16. Qxd4 cxd4 17. Na4
b5 18. Nb6 Rb8 19. Nxc8 Rxc8 20. cxb5 axb5 21. Bxb5 Rc5 22. Rxe6+ Kf7 23. Rb6
Rhc8 24. Bd2 Nc4 25. Bxc4 Rxc4 26. Rd1 Nxd5 27. Rd6 Ne3 28. Re1 Ke7 29. Rb6 f4
30. g3 g5 31. Rh6 Rh8 32. h4 Rc2 33. Bb4+ Kf7 34. hxg5 fxg3 35. Bd6 Rhc8 36.
Rf6+ Kg8 37. f4 Rc1 38. Rf8+ Kg7 39. Rxc8 Rxe1# 0-1

[Event "31.Alpenpokal Oberstdorf op"]
[Site "Tiefenbach (13.01.-21.01)"]
[Date "2005.01.19"]
[Round "7.3"]
[White "Kleifges, Matthias,Dr."]
[Black "Schlierkamp, Ferdinand"]
[Result "1/2-1/2"]
[WhiteElo "2019"]
[BlackElo "2089"]
[PlyCount "31"]
[EventDate "2005.01.??"]
[Source "ChessOrg"]
[SourceDate "2005.02.28"]

1. e4 c5 2. c3 d5 3. exd5 Qxd5 4. d4 Nc6 5. Nf3 e6 6. Be2 cxd4 7. cxd4 Nf6 8.
O-O Be7 9. Nc3 Qd8 10. a3 O-O 11. Qd3 b6 12. b4 Bb7 13. Bb2 Nd5 14. g3 Nxc3 15.
Qxc3 Rc8 16. Qb3 1/2-1/2

[Event "31.Alpenpokal Oberstdorf op"]
[Site "Tiefenbach (13.01.-21.01)"]
[Date "2005.01.19"]
[Round "7.4"]
[White "Wahl, Frithjof,Dr."]
[Black "Wunderer, Eckart"]
[Result "1/2-1/2"]
[WhiteElo "1992"]
[BlackElo "1974"]
[PlyCount "44"]
[EventDate "2005.01.??"]
[Source "ChessOrg"]
[SourceDate "2005.02.28"]

1. e4 c5 2. Nc3 Nc6 3. g3 g6 4. Bg2 Bg7 5. d3 d6 6. Nf3 e6 7. O-O Nge7 8. Be3
O-O 9. d4 cxd4 10. Nxd4 a6 11. Nxc6 bxc6 12. Qd2 Rb8 13. Rab1 d5 14. Bc5 Re8
15. Rfd1 Bb7 16. h4 Nc8 17. f4 Nd6 18. e5 Nc4 19. Qe2 Qc7 20. Ne4 Rbd8 21. Nd6
Nxd6 22. Bxd6 Qb6+ 1/2-1/2

[Event "31.Alpenpokal Oberstdorf op"]
[Site "Tiefenbach (13.01.-21.01)"]
[Date "2005.01.19"]
[Round "7.5"]
[White "Erhart, Uwe"]
[Black "Moehring, Norbert"]
[Result "1/2-1/2"]
[WhiteElo "1988"]
[BlackElo "1954"]
[PlyCount "47"]
[EventDate "2005.01.??"]
[Source "ChessOrg"]
[SourceDate "2005.02.28"]

1. e4 e5 2. Nf3 Nf6 3. d4 Nxe4 4. Bd3 d5 5. Nxe5 c5 6. Bb5+ Nd7 7. Bxd7+ Bxd7
8. Nxd7 Qxd7 9. O-O cxd4 10. Qxd4 Bc5 11. Qd3 O-O 12. Nd2 Qf5 13. Nxe4 dxe4 14.
Qe2 Qe5 15. Rb1 f5 16. g3 Bb6 17. Bf4 Qf6 18. Be3 h6 19. Bxb6 Qxb6 20. Rfd1 Qe6
21. b3 Kh8 22. Rd4 Rad8 23. Rbd1 Qe7 24. c4 1/2-1/2